Ganadores del Balón de Oro - Muerte súbita - Estadísticas

Estadísticas generales
  • Esta prueba ha sido intentada 155 veces
    139 desde el último reinicio
  • La puntuación promedio es 11 de 19
Answers on the Grid
Answers color-coded by a green-red scale on the quiz's grid according to % correct below.
Messi
Ronaldo
Cristiano Ronaldo
Paolo Rossi
Luis Suarez
Totti
Cavani
Neymar
Diego Forlán
Platini
Michael Owen
Lamine Yamal
Cruyff
Xavi
Cannavaro
Vinicius Junior
Henry
Jean-Pierre Papin
Rodri
Puskas
Stoichkov
Ribery
Griezmann
Iniesta
Di Stéfano
Beckenbauer
Pelé
Ronaldinho
Yashin
Maradona
Van Basten
Baresi
Buffon
George Best
Haaland
Lewandowski
Socrates
Modric
Oliver Kahn
Shevchenko
 
Estadísticas de respuestas
Respuesta % Correcto
Messi
100%
Ronaldo
89%
Cristiano Ronaldo
87%
Cruyff
70%
Cannavaro
66%
Platini
66%
Rodri
61%
Michael Owen
60%
Ronaldinho
56%
Beckenbauer
54%
Van Basten
51%
Yashin
51%
Modric
50%
Di Stéfano
47%
Jean-Pierre Papin
46%
Paolo Rossi
46%
Stoichkov
46%
Shevchenko
43%
George Best
39%
No se encontraron pruebas coincidentes
Distribución de puntuación
Porcentaje de gente con cada puntuación
Porcentaje por número respondido
Historial de tus puntuaciones
No has intentado esta prueba desde el último reinicio